Normal view
MARC view
- Spectrum Analysis, Mass
Entry Topical Term
001 - CONTROL NUMBER
- control field: 10750
003 - CONTROL NUMBER IDENTIFIER
- control field: NUST
005 - DATE AND TIME OF LATEST TRANSACTION
- control field: 20180601073233.0
008 - FIXED-LENGTH DATA ELEMENTS
- fixed length control field: 180601|| aca||aabn | a|a d
040 ## - CATALOGING SOURCE
- Original cataloging agency: NUST
- Transcribing agency: NUST
150 ## - HEADING--TOPICAL TERM
- Topical term or geographic name entry element: Spectrum Analysis, Mass
- Form subdivision: Collected Works.
670 ## - SOURCE DATA FOUND
- Source citation: Work cat.: (NUST)0: Herbert, Christopher G. 10749, Mass spectrometry Basics , c2003.
